|
|
|
|
| LEADER |
00938nam a22002297a 4500 |
| 001 |
AAL8364 |
| 003 |
BD-DhAAL |
| 005 |
20160525101916.0 |
| 008 |
160525s 2015bg ||||| |||| 00| 0 ben d |
| 020 |
|
|
|a 9789845041911
|
| 040 |
|
|
|a BD-DhAAL
|c BD-DhAAL
|
| 082 |
|
|
|a 370.19/6
|
| 100 |
|
|
|a বিল্লাহ, মাছুম
|9 19587
|
| 245 |
|
|
|a শিক্ষা :
|b শ্রেণিকক্ষের ভেতরে এবং বাইরে /
|c মাছুম বিল্লাহ
|
| 260 |
|
|
|a ঢাকা :
|b মূর্ধণ্য,
|c ২০১৫
|
| 300 |
|
|
|a ২২১ পৃ. ;
|c ২২ সে.মি.
|
| 541 |
|
|
|e 8364
|
| 650 |
|
|
|a Multicultural education
|9 19588
|
| 852 |
|
|
|a Savar Campus Library
|c General Stacks
|
| 942 |
|
|
|2 ddc
|c BK
|
| 999 |
|
|
|c 37570
|d 37570
|
| 952 |
|
|
|0 0
|1 0
|2 ddc
|4 0
|6 370_190000000000000_6_BIL
|7 0
|9 59042
|a SCL
|b SCL
|c GEN
|d 2016-05-25
|e Gift:
|l 3
|o 370.196 BIL
|p 3020008364
|r 2022-04-22
|s 2022-04-13
|t 1
|w 2016-05-25
|y BK
|